000 00512nam a22001697a 4500
999 _c9623
_d9623
008 210915b ||||| |||| 00| 0 eng d
040 _aBMS College of Architecture
100 _aTeja, G V Dharma
245 _aIntermodal transit hub
300 _a49pp.
500 _a1BM12AT020
502 _8B.Arch
_NBMS College of Architecture, Visvesvaraya Technological University (VTU)
_aProject report
_d2016
650 _aNo
700 _aLekha Hegde
_eGuide
700 _aShreedhar K Morab
_eGuide
942 _2ddc
_cTHE